000 00910nam a22002897a 4500
001 9644
003 FISKH
005 20260127142820.0
008 260127b cb ||||| |||| 00| 0 eng d
020 _a9781368051712
040 _aFISKH
_beng
_cFISKH
_dFISKH
050 _aPZ7 .R48298 .H
082 _a813.6
100 _aRiordan, Rick
_eAuthor
245 _aThe houses of Hades /
_cRick Riordan
260 _aNew York :
_bDisney ,
_c2013
300 _a597 pages :
_c20 cm
490 _aThe heroes of Olympus :
_v4
505 _aR
520 _a"Greek and Roman demigods from the Prophecy of Seven must work together to seal the Doors of Death--and help Percy and Annabeth escape the Underworld in the process"--
521 8 _a680
_bLexile
521 8 _aR
_bRaz-Plus
650 _aGreek gods
_vGreek mythology
650 _aRoman mythology
_vChildren's
942 _2ddc
_cBK
_n0
999 _c9644
_d9644